[Event "Hoogeveen open"]
[Site "?"]
[Date "2005.10.29"]
[Round "9"]
[White "Van der Veen, Jan"]
[Black "Hendriks, Richard"]
[Result "1/2-1/2"]
[WhiteElo "2196"]
[BlackElo "2157"]
[PlyCount "29"]
[EventDate "2005.??.??"]

1. e4 e5 2. Nf3 Nc6 3. Bb5 Nf6 4. O-O Nxe4 5. d4 Nd6 6. Bxc6 dxc6 7. dxe5 Nf5
8. Qxd8+ Kxd8 9. Nc3 h6 10. Rd1+ Ke8 11. h3 Be7 12. g4 Nh4 13. Nxh4 Bxh4 14.
Be3 Bd7 15. Ne4 1/2-1/2

[Event "Hoogeveen open"]
[Site "?"]
[Date "2005.10.29"]
[Round "9"]
[White "Woudt, Edwin"]
[Black "Potze, Rudolf"]
[Result "1/2-1/2"]
[WhiteElo "2103"]
[BlackElo "2128"]
[PlyCount "61"]
[EventDate "2005.??.??"]

1. e4 c5 2. Nf3 Nc6 3. d4 cxd4 4. Nxd4 Nf6 5. Nc3 e5 6. Ndb5 d6 7. Bg5 a6 8.
Na3 b5 9. Nd5 Be7 10. Bxf6 Bxf6 11. c3 O-O 12. Nc2 Rb8 13. h4 Be6 14. Nce3 Be7
15. Bd3 Qd7 16. Qh5 f6 17. Bc2 b4 18. Ba4 Rfc8 19. c4 Bd8 20. O-O Bb6 21. Nxb6
Rxb6 22. b3 Qd8 23. Bxc6 Rbxc6 24. Rad1 a5 25. Rd3 g6 26. Qh6 Qf8 27. Qxf8+
Kxf8 28. Rfd1 Ke7 29. Nd5+ Kf7 30. f4 f5 31. fxe5 1/2-1/2

[Event "Hoogeveen open"]
[Site "?"]
[Date "2005.10.29"]
[Round "9"]
[White "Galje, Hans"]
[Black "Kulago, Alexander"]
[Result "1-0"]
[WhiteElo "2135"]
[BlackElo "2103"]
[PlyCount "77"]
[EventDate "2005.??.??"]

1. d4 d5 2. c4 e6 3. Nc3 c6 4. cxd5 exd5 5. Qc2 g6 6. Bf4 Bf5 7. Qd2 Bg7 8. e3
Nf6 9. h3 h5 10. Nf3 O-O 11. Be2 Nbd7 12. O-O Ne4 13. Qc1 Re8 14. Nxe4 dxe4 15.
Nd2 Nb6 16. Nb3 Nd5 17. Bh2 a5 18. Nc5 Qe7 19. Qd2 b6 20. Na4 Qb4 21. Nc3 a4
22. a3 Qa5 23. Rfd1 Nf6 24. Rac1 Be6 25. Nb1 Qg5 26. Bf4 Qd5 27. Bc4 Qd7 28.
Bxe6 Qxe6 29. Qc2 Rec8 30. Nc3 b5 31. Be5 c5 32. Bxf6 Bxf6 33. Qxe4 Qb3 34. Nd5
Bd8 35. dxc5 Qxb2 36. c6 Kg7 37. c7 Bf6 38. Nb6 Re8 39. Qxa8 1-0